000 01163cam a2200337 a 4500
999 _c21010
_d21010
001 12745608
003 OSt
005 20200616101435.0
008 011218s2002 ii b 001 0 eng
010 _a 2002314743
020 _a8173044457
025 _aI-E-2002-314743; 60-92; 61-92
035 _a(DLC) 2002314743
037 _bLibrary of Congress -- New Delhi Overseas Office
_cRs550.00
040 _aDLC
_coclc
042 _alcode
043 _aa-ii---
050 0 0 _aHN683
_b.K67 2002
082 _a306.09547
_bKOT/W
100 _aKotani, Hiroyuki
_d1942-
_92943
245 1 0 _aWestern India in historical transition :
_bseventheenth to early twentieth centuries /
_cHiroyuki Kotani.
260 _aNew Delhi :
_bManohar,
_c2002.
300 _axi, 308 p. ;
_c22 cm.
504 _aIncludes bibliographical references (p. [285]-292) and index.
520 _aArticles on feudalism in western India.
651 0 _aIndia
_xSocial conditions.
651 0 _aIndia
_xHistory.
906 _a7
_bcbc
_corigode
_d3
_encip
_f20
_gy-gencatlg
942 _2ddc
_cBK
_h306.09547
_iKOT/W
_k306.09547
_mKOT/W